| 000 | 01157nam a22003614a 4500 | ||
|---|---|---|---|
| 001 | ebr5001378 | ||
| 003 | CaPaEBR | ||
| 005 | 20140310181745.0 | ||
| 006 | m u | ||
| 007 | cr cn||||||||| | ||
| 008 | 990217s2000 enka sb 001 0 eng | ||
| 020 | _a9780435327316 | ||
| 040 |
_aCaPaEBR _cCaPaEBR |
||
| 050 | 1 | 4 |
_aJN 979 _b.C456 2001 |
| 082 | 0 | 4 |
_aIB 324.6 _bC36 2001 |
| 100 | _aChandler, Malcolm | ||
| 245 | 0 | 0 |
_aVotes for women _cMalcolm Chandler |
| 260 |
_aOxford : _bHeinemann Educational Publishers, _cc2001. |
||
| 300 |
_a32 p. : _c27 cm. |
||
| 440 | 0 | _aWomen's and gender history. | |
| 500 | _aA collection of 12 research papers by British and Australian women scholars. | ||
| 504 | _aIncludes bibliographical references and index. | ||
| 590 | _aMinimal level e-book record. | ||
| 650 | 0 |
_aSuffragists _zGreat Britain _xHistory. |
|
| 650 | 0 |
_aWomen _xSuffrage _zGreat Britain _xHistory. |
|
| 650 | 0 |
_aWomen's rights _zGreat Britain _xHistory. |
|
| 700 | 1 | _aHolton, Sandra Stanley. | |
| 700 | 1 | _aPurvis, June. | |
| 710 | 2 | _aebrary, Inc. | |
| 730 | 0 | _aebrary. | |
| 776 | 1 |
_cOriginal _w(DLC) 99010066. |
|
| 942 |
_2lcc _cBK |
||
| 999 |
_c2949 _d2949 |
||